[Event "Barcelona Seniors 55 op 2nd"]
[Site "Barcelona"]
[Date "2015.03.23"]
[Round "2"]
[White "Sulleva Baiget, Alex"]
[Black "Pastalle Torrens, Josep"]
[Result "1-0"]
[WhiteElo "2097"]
[BlackElo "1798"]
[PlyCount "43"]
[EventDate "2015.03.16"]
[EventType "swiss"]
[EventRounds "8"]
[EventCountry "ESP"]
[SourceTitle "EXT 2016"]
[Source "ChessBase"]
[SourceDate "2015.10.08"]
[SourceVersion "1"]
[SourceVersionDate "2015.10.08"]
[SourceQuality "1"]

1. Nf3 c5 2. g3 Nc6 3. Bg2 d5 4. d3 Bg4 5. Nbd2 Nf6 6. 0-0 e6 7. c3 Bd6 8. h3 Bh5 9. e4 dxe4 10. dxe4 Qc7 11. Qe2 e5 12. Nc4 0-0-0 13. g4 Bg6 14. Nh4 Be7 15. Nxg6 hxg6 16. Bg5 b6 17. Bxf6 Bxf6 18. Ne3 Ne7 19. b4 Kb8 20. a4 Bg5 21. a5 f5 22. axb6 1-0